00499nam a22001457a 450000500170000001000150001702000260003203500130005803700130007110000180008424501170010226000310021927000790025030000240032920140805114611.0 aENG-109959 a9789351431435c195.00 aEN-93492 bDBAD/PUB aSwapna Sundar aIP smart workbook :cby Swapna Sundar ; foreworded by V. Ramasubramanianbthe lab to market guide to inventing / aGurgaonbLexis Nexisc2014 a14th Floor, Bldg No.10, Tower-B, DLF Cyber City, Phase-IIbGurgaone122002 axv,160p.c24cm(pbk)